000 00422nam a2200133 a 4500
001 ASINB0007CDX1Y
005 20150507131716.0
008 150507s1972 xxu eng d
100 1 _aRazevig, D. V.
245 1 0 _aHigh voltage engineering /
_cD. V Razevig.
260 _a[S.l.] :
_bKhanna Publishers,
_c1972.
300 _a726 p.
856 4 0 _3Amazon.com
_uhttp://www.amazon.com/exec/obidos/ASIN/B0007CDX1Y/chopaconline-20
999 _c13493
_d13493